はじまるA列車 公式シナリオ - Statistics

General Stats
  • This quiz has been taken 14 times
  • The average score is 4 of 9
Answer Stats
シナリオ概要 シナリオ名 % Correct
赤字続きの自治体が観光地化を目指していますが、交通アクセスが悪く、なかなか人が呼びこめていません。景観を損なわないよう鉄道を整備し観光客を増やしましょう。 はじまる観光計画
86%
古くから観光資源を持つ街ですが、インフラ未整備のため観光業は振るわず人口減少も課題です。隣接都市とのアクセスを改善し「日帰りで通える観光地化」と「ベッドタウン化」を進めましょう。 通える古都を目指して
64%
夢の新幹線が開通した田舎町。しかし期待された人口増加はなく、町と鉄道会社には、莫大な借金だけが残されています。苦境の鉄道会社を立て直しましょう。 赤字超特急
50%
ある日、突然眩い光に包まれた後、会社の窓から眺める景色は一変していました。突如海が生まれ、そこには大きな島が浮かんでいたのです。そして、どこからともなく声が聞こえてきました・・・。 神様のいる島
50%
自治体と共同開発した遊園地と温泉、北東には神社かある夢の広がる街です。この地域の交通整備をー手に引き受けることができました。 課せられた期待と目標は極めて大きいでしょう。 夢と希望の街
43%
この地域は山海の恵みが豊かですが、交通手段が乏しく住民は孤立し、細々とした生活を送っています。自治体から依頼を受け交通インフラの整備を行うことになりました。 湾奥の港町
43%
臨海部を市民に開放する都市計画が立ち上がりました。海沿いの工業跡地に商業や住宅が集まる複合都市を築きましょう。 転換する都市
43%
古くから避暑地として発展してきた街が海外旅行ブームで衰退しています。地域に不足している娯楽の発展とインフラの整備を対応しましょう。 生まれ変わる避暑地リゾート
29%
我が社が経営する球団が危機的状況です。長年愛されてきた鉄道と球団を守るため、手を尽くしましょう。 走れ、野球鉄道
29%
No matching quizzes found
Score Distribution
Percent of People with Each Score
Percentile by Number Answered
Your Score History
You have not taken this quiz